01111nam a2200193Ia 4500001001000000003001000010008004100020040002500061041001300086100002100099245002600120250001100146260008300157300001100240500026400251501011400515520026400629650002400893L230-6081IT-CnALBA170116s9999||||xx |||||||||||||| ||und|| aIT-CnALBAcIT-CnALBA aITALIANO aRABUT A. OLIVIER 0aONESTÀ NELLA FEDE.  a1a ed. a BRESCIAbMORCELLIANA EDITRICE c1968 [1° Ed.:1968 - Ed.Ling.Originale: 1964] a82 p.  aSPIRITUALITÀ NEL TEMPO DELL'INCERTEZZA. TRADUZIONE DAL FRANCESE DI STELLA GUIDO. DESIDERIO DI VERIFICA. PERCEZIONI RELIGIOSE ELEMENTARI. TRASCENDENZA DELLA REALTÀ TEMPORALE. FUOCO NUOVO. SCELTA DEL METODO. POSIZIONE DI PARTENZA. ANCORAGGIO DEFINITIVO ALLA aSocietà San Paolo EM - Piazza San Paolo, 14 - 12051 ALBA (CN) (non commercial uses only) ® Copyright 2017 aSPIRITUALITÀ NEL TEMPO DELL'INCERTEZZA. TRADUZIONE DAL FRANCESE DI STELLA GUIDO. DESIDERIO DI VERIFICA. PERCEZIONI RELIGIOSE ELEMENTARI. TRASCENDENZA DELLA REALTÀ TEMPORALE. FUOCO NUOVO. SCELTA DEL METODO. POSIZIONE DI PARTENZA. ANCORAGGIO DEFINITIVO ALLA aDOGMATICA CRISTIANA